01404nab a22003137a 4500999001500000003000400015005001700019008004100036040000700077100002600084245010800110260007300218300001400291500003600305505019300341505008100534650002300615650002400638650002200662650003100684650003800715650003700753650003900790650002500829650003500854700003300889773015500922942001301077 c6516d6516OSt20260218121141.0190429b xxu||||| |||| 00| 0 spa d cPJ 94061aAhargo, Ignacio13aAcusación no estatal : brepensar su rol en el proceso penal /cIgnacio Ahargo, Francisco M. Pereyra. cCiudad Autónoma de Buenos Aires :aThomson Reuters La Ley, b2024. ap. 91-108 aCita: TR LALEY AR/DOC/1404/2024 aSumario: I. Introducción.— II. La relevancia de discutir el rol acusatorio de la víctima.— III. Dimensiones de la discusión jurídica.— IV. Conclusiones.— V. Bibliografía. tSi te interesa el texto completo, solicitalo a koha@justierradelfuego.gov.ar 09343aDERECHO PENAL 092348aPROCESO PENAL 092676aJUICIO ORAL 093047aVÍCTIMA DEL DELITO 094022aMINISTERIO PÚBLICO FISCAL 093174aDELITO DE ACCIÓN PRIVADA 097076aDELITO DE ACCIÓN PÚBLICA 092678aACCIÓN PENAL 093637aTUTELA JUDICIAL EFECTIVA 96845aPereyra, Francisco M. 0 0265893164tRevista de derecho penal y criminología. Nº 7 - Julio 2024dCiudad Autónoma de Buenos Aires : Thomson Reuters La Ley, 2017-x00347914 2udccANA